OPAC Home

මාතර අවදිය (Record no. 76163)

MARC details
000 -LEADER
fixed length control field 00439nam a2200169Ia 4500
008 - FIXED-LENGTH DATA ELEMENTS--GENERAL INFORMATION
fixed length control field 121106t1963 xxu||||| |||| 00| 0 sin d
041 ## - LANGUAGE CODE
Language code of text/sound track or separate title Sinhala; Sinhalese
080 ## - UNIVERSAL DECIMAL CLASSIFICATION NUMBER
Universal Decimal Classification number 8S1-18/19
Item number SIL
942 ## - ADDED ENTRY ELEMENTS (KOHA)
Koha item type Books
003 - CONTROL NUMBER IDENTIFIER
control field LK-CoDNM
040 ## - CATALOGING SOURCE
Original cataloging agency LK-CoDNM
Modifying agency LK-CoDNM
Description conventions LK-CoDNM
100 ## - MAIN ENTRY--PERSONAL NAME
Personal name Richad Da Silva
245 ## - TITLE STATEMENT
Title මාතර අවදිය
246 ## - VARYING FORM OF TITLE
Title proper/short title Mathara Avadiya
260 ## - PUBLICATION, DISTRIBUTION, ETC. (IMPRINT)
Name of publisher, distributor, etc. M.D.Gunasena Samagama
Place of publication, distribution, etc. Colombo 11
Date of publication, distribution, etc. 1963
300 ## - PHYSICAL DESCRIPTION
Other physical details 184p., 18 cm
Holdings
Withdrawn status Lost status Damaged status Not for loan Collection code Permanent Location Current Location Date acquired Full call number Barcode Koha item type
        Poems Library National Museum Colombo - Sri Lanka Library National Museum Colombo - Sri Lanka 2012-11-06 8S1-18/19 SIL 88065 Books
Copyright © 2023 Department of National Museum, Colombo 07, Sri Lanka Funded by UNESCO IFAP UNESCO